000 00750nam a2200241 a 4500
001 68009
003 BD-RjUL
005 20211209081724.0
008 170329m19631958enka 001 0 eng d
035 _a(BD-RjUL)68218
040 _aDLC
_cOSW
_dBD-RjUL
_beng
041 _aeng
082 _223
_a621.381528
_bRIT 1963
100 1 _aRiddle, Robert L.
_9201580
245 1 0 _aTransistor physics and circuits /
_cRobert L. Riddle ; Marlin P. Ristenbatt
260 _aEnglewood Cliffs, N.J. :
_bPrentice-Hall,
_c1958 [Printing 1963].
300 _axvii, 428 p. :
_bill. ;
_c24 cm.
500 _aInclude Index.
650 0 _aTransistors and thyristors
_9201581
700 1 _aRistenbatt, Marlin P.
_9201582
942 _2ddc
_cBK
999 _c68009
_d68009